La Liberación

Gespeichert in:
Bibliographische Detailangaben
1. Verfasser: Avila,Rafael
Format: Buch
Erschienen: Bogota-Colombia Voluntad 1970
Katalog:MANES:  Suchergebnis im Bibliothekskatalog
Schulbuchspezifische Eigenschaften:
Tags: Tag hinzufügen
Keine Tags, Fügen Sie den ersten Tag hinzu!
Geändert in:07.05.2025

MARC

LEADER 00000nam a22000007a 4500
005 20250507125449.0
008 Spa
040 |a Centro_Manes  |c  Manuales Escolares U. Atlántico  
100 |9 22532  |a Avila,Rafael 
245 |a La Liberación  
260 |a Bogota-Colombia   |b Voluntad   |c 1970 
300 |a 187.p  |c 15x27cm  
500 |a Este texto va dirigido a estudiantes de educación media con la enseñanza de la religión católica adaptado para la población latinoamericana. Por lo tanto el libro se encuentra en buenas condiciones y puede ser consultado en en Laboratorio de Historia ubicado en la Universidad del Atlántico.  
546 |a Colombia  
561 |5 co-CDME  |a Colombia. Universidad del Atlántico  |k MANES 
690 0 |a RyM 
691 0 |a SE 
942 |2 ddc  |c BK 
999 |c 52233  |d 52233 
999 |c manes:52233  |d 52233